Library of the University of Algiers 3
Ibrahim Sultan Cheibout
شعار جامعة الجزائر 3
مكتبة جامعة الجزائر 3
إبراهيم سلطان شيبوط

العلاقات الإقتصادية الدولية : (رقم التسجيلة. 42638)

تفاصيل مارك
000 -LEADER
fixed length control field 02340nam a2200229Ia 4500
003 - CONTROL NUMBER IDENTIFIER
control field Ost
005 - DATE AND TIME OF LATEST TRANSACTION
control field 20260507075051.0
008 - FIXED-LENGTH DATA ELEMENTS--GENERAL INFORMATION
fixed length control field 260507s9999||||xx |||||||||||||| ||und||
040 ## - CATALOGING SOURCE
Transcribing agency fsecg
041 ## - LANGUAGE CODE
Language code of text/sound track or separate title ara
082 ## - DEWEY DECIMAL CLASSIFICATION NUMBER
Classification number 330
100 ## - MAIN ENTRY--PERSONAL NAME
Personal name حشيش، عادل أحمد
Relator term مؤلف
245 #0 - TITLE STATEMENT
Title العلاقات الإقتصادية الدولية :
Remainder of title مدخل لدراسة المبادئ الأساسية الحاكمة للإقتصاد الدولي بمراعاة التطورات المستجدة الناتجة عن تنامي مظاهر العولمة في نطاقه /
Statement of responsibility, etc. عادل أحمد حشيش
260 ## - PUBLICATION, DISTRIBUTION, ETC.
Place of publication, distribution, etc. الإسكندرية:
Name of publisher, distributor, etc. دار الجامعة الجديدة,
Date of publication, distribution, etc. 2005
300 ## - PHYSICAL DESCRIPTION
Extent 398 صفحة؛
Other physical details إيضاحات ؛
Dimensions 24 سم
520 ## - SUMMARY, ETC.
Summary, etc. أهمية وماهية الإقتصاد الدولي ومظاهر المعاملات الإقتصادية القائمة في محيط الأسواق الدولية-العوامل المسوغة لقيام العلاقات الإقتصادية الدولية والمؤشرات الدالة على الأهمية النسبية للتجارة الخارجية بالنسبة للإقتصاد القومي-الملامح والخصائص المحددة لمعالم العلاقات الإقتصادية الدولية المعاصرة وفقا للمتغيرات الطارئة على بيئة الإقتصاد العالمي-النظريات التقليدية المبررة لوجود التجارة الخارجية في محيط العلاقات الإقتصادية الدولية-نظريات التجارة الدولية الحديثة-الإطار المؤسسي الموضح للمعاملات الإقتصادية-تسويةالمدفوعات الدولية-صندوق النقد الدولي-السياسات التجارية الموجهة للتبادل الدولي -تطور المبادئ الحاكمة للعلاقات الإقتصادية الدولية-الإطار المؤسسي لضمان استمرارية مظاهر العولمة في محيط العلاقات الإقتصادية الدولية
653 ## - INDEX TERM--UNCONTROLLED
Uncontrolled term الإقتصاد الدولي
653 ## - INDEX TERM--UNCONTROLLED
Uncontrolled term التجارة الخارجية
653 ## - INDEX TERM--UNCONTROLLED
Uncontrolled term العلاقات الإقتصادية الدولية
700 ## - ADDED ENTRY--PERSONAL NAME
Personal name شهاب، مجدي محمود
Relator term مؤلف ثانوي
942 ## - ADDED ENTRY ELEMENTS (KOHA)
Koha item type كتب
المقتنيات
Withdrawn status Lost status Source of classification or shelving scheme Damaged status Not for loan Home library Current library Date acquired Serial enumeration / chronology Inventory number Total checkouts Full call number Barcode Date last seen Price effective from Koha item type
    Dewey Decimal Classification   Available مكتبة كلية العلوم الإقتصادية والعلوم التجارية وعلوم التسيير مكتبة كلية العلوم الإقتصادية والعلوم التجارية وعلوم التسيير 07/05/2026 الطابق الأرضي 413/1   أ/413ن1 413/1 07/05/2026 07/05/2026 كتب
    Dewey Decimal Classification   Available مكتبة كلية العلوم الإقتصادية والعلوم التجارية وعلوم التسيير مكتبة كلية العلوم الإقتصادية والعلوم التجارية وعلوم التسيير 07/05/2026 الطابق الأرضي 413/2   أ/413ن2 413/2 07/05/2026 07/05/2026 كتب
    Dewey Decimal Classification   Available مكتبة كلية العلوم الإقتصادية والعلوم التجارية وعلوم التسيير مكتبة كلية العلوم الإقتصادية والعلوم التجارية وعلوم التسيير 07/05/2026 الطابق الثاني 413/3   أ/413ن3 413/3 07/05/2026 07/05/2026 كتب
    Dewey Decimal Classification   NOT LOAN / إعارة داخلية مكتبة كلية العلوم الإقتصادية والعلوم التجارية وعلوم التسيير مكتبة كلية العلوم الإقتصادية والعلوم التجارية وعلوم التسيير 07/05/2026 الطابق الأرضي 2011/1254   أ/413ن4 2011/1254 07/05/2026 07/05/2026 كتب
    Dewey Decimal Classification   Available مكتبة كلية العلوم الإقتصادية والعلوم التجارية وعلوم التسيير مكتبة كلية العلوم الإقتصادية والعلوم التجارية وعلوم التسيير 07/05/2026 الطابق الأرضي 2011/1255   أ/413ن5 2011/1255 07/05/2026 07/05/2026 كتب
    Dewey Decimal Classification   Available مكتبة كلية العلوم الإقتصادية والعلوم التجارية وعلوم التسيير مكتبة كلية العلوم الإقتصادية والعلوم التجارية وعلوم التسيير 07/05/2026 الطابق الثاني 2011/1256   أ/413ن6 2011/1256 07/05/2026 07/05/2026 كتب

موارد الويب المفتوحة


© University of Algiers 3 All Rights Reserved
|
Implemented by LECHELAH Riad